|
|
|
|
| LEADER |
01800nam a2200457 a 4500 |
| 001 |
nkc20071747436 |
| 003 |
CZ PrNK |
| 005 |
20071203125235.0 |
| 007 |
ta |
| 008 |
070813s2007 xr a e f 000 0 cze |
| 015 |
|
|
|a cnb001747436
|
| 020 |
|
|
|a 978-80-7367-244-7
|q (brož.) :
|c Kč 139,00
|
| 035 |
|
|
|a (OCoLC)190752497
|
| 040 |
|
|
|a ABA001
|b cze
|d BOA001
|d ABA001
|
| 041 |
1 |
|
|a cze
|h slo
|
| 072 |
|
7 |
|a 373.2/.3
|x Předškolní a primární výchova a vzdělávání
|2 Konspekt
|9 22
|
| 080 |
|
|
|a 159.946.4
|2 MRF
|
| 080 |
|
|
|a 37.016:003-028.31
|2 MRF
|
| 080 |
|
|
|a 373.2
|2 MRF
|
| 080 |
|
|
|a (072)
|2 MRF
|
| 100 |
1 |
|
|a Lipnická, Milena,
|d 1966-
|7 mzk2007411246
|4 aut
|
| 245 |
1 |
0 |
|a Rozvoj grafomotoriky a podpora psaní :
|b preventivní program, který pomáhá předcházet vzniku dysgrafie /
|c Milena Lipnická ; [ze slovenštiny přeložila Jana Křížová]
|
| 250 |
|
|
|a Vyd. 1.
|
| 260 |
|
|
|a Praha :
|b Portál,
|c 2007
|
| 300 |
|
|
|a 62 s. :
|b il. ;
|c 30 cm
|
| 504 |
|
|
|a Obsahuje bibliografii
|
| 650 |
0 |
7 |
|a grafomotorika
|7 ph120600
|2 czenas
|
| 650 |
0 |
7 |
|a psaní
|7 ph115938
|2 czenas
|
| 650 |
0 |
7 |
|a předškolní výchova
|7 ph124887
|2 czenas
|
| 650 |
0 |
9 |
|a graphomotorics
|2 eczenas
|
| 650 |
0 |
9 |
|a writing
|2 eczenas
|
| 650 |
0 |
9 |
|a preschool education
|2 eczenas
|
| 655 |
|
7 |
|a metodické příručky
|7 fd132826
|2 czenas
|
| 655 |
|
9 |
|a methodological manuals
|2 eczenas
|
| 856 |
4 |
1 |
|u http://www.digitalniknihovna.cz/mzk/uuid/uuid:bab37510-c0ca-11e8-bc37-005056827e51
|y Digitalizovaný dokument
|x NDK
|
| 910 |
2 |
|
|a BOA001
|b 3-1192.295
|
| 990 |
|
|
|a BK
|
| 995 |
|
|
|a 01
|
| 991 |
|
|
|b 200710
|c NOV
|
| 996 |
6 |
|
|b 2610321335
|c 3-1192.295
|l MZK
|r Sklad / do 1 hodiny
|n 3
|p p.v.
|w 000867150
|u 000010
|a 1
|e BOA001
|j MZK50
|s P
|
| 996 |
7 |
|
|b 2610326853
|c 3-1192.295
|l MZK
|r Sklad / do 1 hodiny
|n 39
|p kup
|w 000867150
|u 000020
|a 1
|e BOA001
|j MZK50
|s A
|